00555nam a2200205 a 4500001001300000003000900013005001700022008004100039020000900080082001300089100002000102245005500122260004400177300000900221500003500230505002400265650001800289650002200307700002000329nice12345678IN_TiNIC20260116011712.0050524s1971 bana grp 000 0 eng  ac2500a230bPAT aPathrapankal, J aMetanoia Faith CovenantbStudy of Pauline Theology aBangalorebDharmaram Publicationsc1971 a327p aincludes index and biblioraphy2 aBibliography, Index aTheology-Paul aTheology-Metanoia1 aPathrapankal, J